Finiš-Nova si veľa sľubuje od nového sortimentu Ekonomika

Bibliographic Details
Main Author: Toporcerová, Monika, 1972 (Author)
Corporate Author: Finiš Nova, Spišská Nová Ves (Author)
Format: Article
Language:Slovak
PhysicalDescription:1 foto
ISSN:1335-759X
Subjects:

MARC

LEADER 00000nab a2200000 a 4500
001 vtls001016245
003 SK-MaSNL
005 20260303042834.0
008 040720e20000612xo 0 slo
035 |a SN2195 
040 |a SNSK  |b slo  |c SNSK  |e AACR2 
041 0 |a slo 
044 |a xo  |c SK 
080 |a 687  |2 1981 
080 |a 339.146.4  |2 1981 
080 |a 339.187  |2 1981 
080 |a 338.45  |2 1981 
100 1 |a Toporcerová, Monika,  |d 1972  |4 aut  |9 769145 
245 1 0 |a Finiš-Nova si veľa sľubuje od nového sortimentu  |b Ekonomika 
300 |b 1 foto 
610 2 7 |a Finiš (Spišská Nová Ves, Slovensko)  |2 SNSK  |9 1021329 
650 0 7 |a výroba  |2 SNSK  |9 15916 
650 0 7 |a odbyt  |2 SNSK  |9 375604 
650 0 7 |a informácie  |2 SNSK  |9 1285 
651 7 |a Spišská Nová Ves (Slovensko)  |2 SNSK  |9 28800 
651 7 |a SN,  |2 SNSK  |9 1021277 
655 7 |a periodikum  |2 snkbucl  |9 29553 
710 2 |a Finiš Nova, Spišská Nová Ves  |4 aut  |9 1021494 
773 0 8 |t Spišský denník  |g Roč. 2, č.134, 12.6.2000, s. 1  |x 1335-759X 
852 |a ZVYKNI  |b KIS3GCP 
999 |c 1694038  |d 1695968